[Event "77th Hastings it"]
[Site "Hastings ENG"]
[Date "2002.01.03"]
[Round "6"]
[White "Zhang, Zheming"]
[WhiteTitle "GM"]
[WhiteElo "2657"]
[Black "Gallagher, Joseph"]
[BlackTitle "GM"]
[BlackElo "2511"]
[Result "1/2-1/2"]
[PlyCount "182"]
[EventDate "2001.12.29"]

1. e4 c5 2. Nf3 d6 3. Bb5+ Nd7 4. d4 Ngf6 5. Nc3 cxd4 6. Qxd4 e5 7. Qd3 h6 8. Be3 Be7 9. Bc4 a6 10. a4 Qc7 11. O-O Nc5 12. Bxc5 Qxc5 13. Nd5 Be6 14. Rfd1 Bxd5 15. Bxd5 Nxd5 16. Qxd5 Qxd5 17. Rxd5 Rc8 18. c3 O-O 19. Ra3 Rc6 20. Kf1 g6 21. Ne1 f5 22. exf5 gxf5 23. Rb3 Rb8 24. Nd3 f4 25. g3 fxg3 26. hxg3 Rcc8 27. Rb4 Kf7 28. Re4 b5 29. axb5 Ke6 30. Nf4+ Kf7 31. Ne2 axb5 32. Rb4 Rc5 33. Rxc5 dxc5 34. Re4 Bf6 35. b3 h5 36. c4 Ke6 37. Nc3 bxc4 38. bxc4 Kf5 39. Re3 Bg5 40. Rf3+ Ke6 41. Ne4 Be7 42. Kg2 Rd8 43. Rc3 Rd4 44. f3 Kf5 45. Rc2 Bf8 46. Kf2 Be7 47. Ke2 Kg6 48. Ra2 Rxc4 49. Ra7 Bf8 50. Ra6+ Kg7 51. Re6 Rc2+ 52. Kd3 Ra2 53. Rxe5 Ra3+ 54. Ke2 Kg6 55. Re8 Kf7 56. Rc8 Be7 57. Rc7 Ke6 58. Nxc5+ Kd6 59. Rc8 h4 60. g4 h3 61. Ne4+ Ke5 62. Re8 Kf4 63. Rxe7 Re3+ 64. Kf1 Rxf3+ 65. Kg1 Kxg4 66. Nf2+ Kg5 67. Rh7 Ra3 68. Nxh3+ Kg4 69. Nf2+ Kf4 70. Rh4+ Ke5 71. Re4+ Kd5 72. Re8 Rb3 73. Kg2 Ra3 74. Ng4 Kd4 75. Kf2 Ra7 76. Ke2 Ra2+ 77. Kf3 Ra7 78. Rd8+ Kc5 79. Ne3 Re7 80. Ke2 Kc6 81. Rd4 Rd7 82. Rc4+ Kd6 83. Ng4 Ke6 84. Kf3 Kd5 85. Re4 Rf7+ 86. Ke3 Ra7 87. Rd4+ Ke6 88. Ke4 Ra5 89. Rc4 Kd6 90. Ne3 Re5+ 91. Kd4 Rh5 1/2-1/2